000 00318nam a22001457a 4500
008 210429b ||||| |||| 00| 0 eng d
020 _a0030584566
041 _aeng
080 _22nd
_a311
082 _a311
100 _a55
101 _aSTA
245 _aElementary Statistics
_cGene R. Sellers
942 _2udc
_cBK
999 _c57004
_d57004